000 00753nam a2200253 a 4500
001 61777
003 BD-RjUL
005 20211209081012.0
008 170012s1980 bg b 001 0 eng
020 _cTk70.00 ($12.00 U.S.)
035 _a(BD-RjUL)61901
040 _aDLC
_cDLC
_dBD-RjUL
_beng
041 _aeng
082 0 0 _a338.95492
_223
_bALD 1980
100 1 _aAlamgir, Mahiuddin Khan.
_9183932
245 1 0 _aDevelopment strategy for Bangladesh /
_cMuhiuddin Khan Alamgir.
260 _aDacca :
_bCentre for Social Studies,
_c1980.
300 _axvi, xv, 477 p. ;
_c23 cm.
500 _aIncludes index.
504 _aBibliography: p. 455-465.
651 0 _aBangladesh
_xEconomic policy.
_9171507
942 _2ddc
_cBK
999 _c61777
_d61777